000 00446nam a2200181Ia 4500
001 25199
005 20260414151134.0
008 260414t2012||||xx |||||||||||||| ||spa||
041 _aESP
082 _a346.4
_bA91
100 _aAvendaño Arana, Francisco
_eAUT
245 0 _aLos derechos reales en la jurisprudencia
_b
260 _c2012
300 _a558 páginas :
_c25 cm.
650 _aDER
654 _aCDE
942 _cLIB
_dJUS
_fJUS
_2ddc
_n
999 _c25199
_d25199